Basics of cosmic structures (Record no. 9944)

MARC details
000 -LEADER
fixed length control field 00544nam a2200181Ia 4500
003 - CONTROL NUMBER IDENTIFIER
control field IN-BaIIA
008 - FIXED-LENGTH DATA ELEMENTS--GENERAL INFORMATION
fixed length control field 211028s9999 xx 000 0 eng d
020 ## - INTERNATIONAL STANDARD BOOK NUMBER
International Standard Book Number 2-86332-063-7
040 ## - CATALOGING SOURCE
Transcribing agency IIA Library
080 ## - UNIVERSAL DECIMAL CLASSIFICATION NUMBER
Universal Decimal Classification number 524.85
Item number CEL
100 ## - MAIN ENTRY--PERSONAL NAME
Personal name Celnikier, Ludwik M.
9 (RLIN) 16872
245 #0 - TITLE STATEMENT
Title Basics of cosmic structures
Statement of responsibility, etc. Ludwik M. Celnikier
260 ## - PUBLICATION, DISTRIBUTION, ETC.
Place of publication, distribution, etc. France
Name of publisher, distributor, etc. Editions Frontiers
Date of publication, distribution, etc. 1989
300 ## - PHYSICAL DESCRIPTION
Extent 409p.
650 ## - SUBJECT ADDED ENTRY--TOPICAL TERM
Topical term or geographic name entry element Astronomy and astrophysics thesaurus
650 ## - SUBJECT ADDED ENTRY--TOPICAL TERM
Topical term or geographic name entry element Cosmic physics
9 (RLIN) 11148
942 ## - ADDED ENTRY ELEMENTS (KOHA)
Koha item type Books
952 ## - LOCATION AND ITEM INFORMATION (KOHA)
-- 43
Holdings
Withdrawn status Lost status Damaged status Not for loan Home library Current library Shelving location Date acquired Total Checkouts Full call number Barcode Date last seen Price effective from Koha item type
        IIA Library-Bangalore IIA Library-Bangalore General Stacks     524.85/ CEL 10854 05/11/2021   Books

Powered by Koha